Name a Valid English County of Each Name Length - Statistics

General Stats
  • This quiz has been taken 23 times
  • The average score is 10 of 13
Answer Stats
Length (letters) Answer Number of Counties % Correct
12 City of London | Warwickshire | Bedfordshire | County Durham | Lincolnshire | West Midlands 6
91%
5 Essex | Devon 2
91%
4 Kent 1
91%
10 Lancashire | Merseyside | Derbyshire | West Sussex | East Sussex | Shropshire 6
91%
14 South Yorkshire | North Yorkshire | Leicestershire | Cambridgeshire | Worcestershire | Northumberland 6
86%
8 Cheshire | Somerset | Cornwall 3
82%
7 Norfolk | Suffolk | Cumbria | Bristol | Rutland 5
82%
11 Tyne and Wear | Oxfordshire | Isle of Wight 3
77%
13 Greater London | West Yorkshire | Hertfordshire | Staffordshire | East Yorkshire | Herefordshire 6
73%
6 Surrey | Dorset 2
73%
16 Greater Manchester | Northamptonshire 2
64%
9 Hampshire | Berkshire | Wiltshire 3
64%
15 Nottinghamshire | Gloucestershire | Buckinghamshire 3
64%
No matching quizzes found
Score Distribution
Percent of People with Each Score
Percentile by Number Answered
Your Score History
You have not taken this quiz